| 000 | 00624nam a2200229 a 4500 | ||
|---|---|---|---|
| 005 | 20210219152851.0 | ||
| 008 | 991125n 000 0 eng u | ||
| 035 | _aUPN01000064137 | ||
| 100 | _aTang, Shengming | ||
| 222 | _aJOURNAL OF GENERAL EDUCATION | ||
| 245 | _aA analysis of China's education from sponsored system perspective | ||
| 300 | _a96-110 | ||
| 362 | _a1992 41 | ||
| 505 | _aMarzo 1993 | ||
| 653 | 0 | _aCOMUNISMO | |
| 653 | 0 | _aEDUCACION SUPERIOR | |
| 653 | 0 | _aOBJETIVOS EDUCATIVOS | |
| 653 | 0 | _aPOLITICAS DE EDUCACION | |
| 653 | 0 | _aROL DE LA ESCUELA | |
| 904 |
_aAC _b001948 |
||
| 905 | _aArticulo | ||
| 999 |
_c62437 _d62437 |
||